Brexit What you need to know as a non-EU citizen living in the UK if you have, or had, a family connection to an EU citizen

Detalles Bibliográficos
Formato: eBook
Lenguaje:inglés
Publicado: Bruselas: European Union Publications Office, 2020
Materias:
Acceso en línea:Acceso restringido

MARC

LEADER 00000nam a22000007a 4500
005 20210819223426.0
007 cr|||| ||||
008 210819s2020 eu |||||s|||| 00||0 eng d
020 |a 978-92-9238-749-5 
035 |a 34395 
040 |a vLex 
090 |c 12078  |d 12078 
245 0 0 |a Brexit  |h [Recurso electrn̤ico] :  |b What you need to know as a non-EU citizen living in the UK if you have, or had, a family connection to an EU citizen 
256 |a Servicio en ln̕ea 
260 |a Bruselas:  |b European Union Publications Office,  |c 2020 
300 |a 1 recurso electrn̤ico 
506 1 |a Disponible solo en los productos indicados  |d vLex Global  |d vLex Global (Academic Edition, excluding Law Schools)  |d vLex Global (U.S. Academic Edition, Law Schools)  |d vLex Global (U.S. Academic Edition, excluding Law Schools)  |d vLex Global (Academic Edition, Law Schools) 
650 0 4 |a Derecho Comunitario  |z Unin̤ Europea 
650 0 4 |a Derecho Internacional  |z Unin̤ Europea 
740 0 |a vLex Libros (Servicio en ln̕ea) 
856 4 0 |u https://app.vlex.com/#/sources/34395  |z Acceso restringido 
942 |c BOOK 
999 0 |a Community Law 
999 0 |a International Law